Statistics for Countries by Plane Crashes

Click here to take the quiz!

General Stats

  • This quiz has been taken 31 times
  • The average score is 11 of 20

Answer Stats

Plane CrashesLocation of Crashes% Correct
Arrow Air 1285, Air Ontario 1363, First Air 6560Canada
95%
Lion Air 583, Mandala Airlines 091, Trigana Air 267Indonesia
76%
Trans World Airlines 800, Colgan Air 3407, Asiana Airlines 214United States
76%
Turkish Airlines 981, Air Inter 148, Germanwings 9525France
67%
Pakistan International Airlines 705, Libyan Arab Airlines 114, Metrojet 9268Egypt
62%
Thai Airways International 311, Pakistan International Airlines 268, US-Bangla Airlines 211Nepal
62%
El Al 1862, KLM Cityhopper 433, Turkish Airlines 1951Netherlands
62%
Tatarstan Airlines 363, Flydubai 981, Saratov Airlines 703Russia
62%
China Airlines 676, Singapore Airlines 006, TransAsia Airways 235Taiwan
57%
Bangkok Airways 125, Lauda Air 004, One-Two-GO Airlines 269Thailand
57%
Avianca 203, American Airlines 965, LaMia 2933,Colombia
52%
Pulkovo Aviation Enterprise 612, South Airlines 8971, Malaysia Airlines 17Ukraine
52%
Varig 254, Gol Transportes Aéreos 1907, TAM Airlines 3054Brazil
48%
Invicta International Airlines 435, Alitalia 404, Crossair 3597Switzerland
48%
Ariana Afghan Airlines 701, Pan Am 103, Korean Air Cargo 8509United Kingdom
48%
CAAC Airlines 3303, Wuhan Airlines 343, Henan Airlines 8387China
43%
Caspian Airlines 7908, Sepahan Airlines 5915, Ukraine International Airlines 752Iran
43%
Airblue 202, JS Air 201, Bhoja Air 213Pakistan
33%
Avensa 358, West Caribbean Airways 708, Santa Bárbara Airlines 518,Venezuela
24%
Bellview Airlines 210, Sosoliso Airlines 1145, Dana Air 992Nigeria
19%

Score Distribution

Percentile by Number Answered

Percent of People with Each Score

Your Score History

You have not taken this quiz